Регионална библиотека "Любен Каравелов" - Русе

Русия иде (Запис номер 172845)

MARC детайли
000 -Лидер
Контролно поле с фиксирана дължина 01066nam a2200289 c 4500
003 - Код на организацията, давaща контролен номер
Контролно поле BLK
005 - Дата и час на последна редакция
Контролно поле 20180420235443.0
008 - Елементи от данни с фиксирана дължина
fixed length control field 180411b bul|||||r ||||||| ||bul||
010 ## - Наследен системен номер
LC control number KNG00181206000
040 ## - Източник на каталожния запис
Идентификатор на билиотеката - собственик на записа BLK
041 ## - Код за език
Код за езика на текст/звукозапис или на отделно заглавие Български
Код за езика КДБФ Български
080 ## - УДК
Текстов определител УДК Българска литература
УДК код - определител по УДК 821.163.2
УДК определител -1
УДК - код + определител 821.163.2-1
139 ## - Редно поле
Редна дума Русия иде
Авторски знак Русен - Р 95
245 10 - Сведения за заглавието
Заглавие Русия иде
Подзаглавни данни Бълг. нар. песни за Рус.-тур. освобод. война 1877 - 1878
Редно поле (дума) състав. Гинка Христова Димкова; худож. Людмил Асенов.
257 ## - Страна на издаване
Страна на създаване/издаване България
260 ## - Област на издателските данни
-- София
Име на издателя, разпространителя и проч. Отечество
Година на издаване 1988
300 ## - Физическа характеристика
Страници 128 с.
Илюстрации и др. с ил.
Размери/Мащаб 22 см
380 ## - Жанр
Жанр Худож. лит.
500 ## - Общи забележки
Забележка 6 617 тир.
700 1# - Други автори (авторска отговорност)
Лично име Димкова, Гинка Христова
Автороска отговорност (Описва отношението между автора и произведението) състав.
9 (RLIN) 245886
700 1# - Други автори (авторска отговорност)
Лично име Асенов, Людмил
Автороска отговорност (Описва отношението между автора и произведението) худож.
9 (RLIN) 298663
852 ## - Местоположение
Форматна сигнатура Цб 156359
856 4# - Електронен адрес и достъп
Електронен формат pdf - файл
Път до файла /url/
856 4# - Електронен адрес и достъп
Електронен формат pdf - файл
Път до файла /url/
942 ## - АРТИКУЛИ
Вид на библиотечния материал Книги
Скрит в OPAC Не
944 ## - СЪЗДАВАНЕ И РЕДАКЦИЯ на ЗАПИСА
Създаване/Редакция Създаване
Дата на регистрацията/редакция 08.09.2015
Служител, извършил регистрацията/редакцията Наталия_Любомирова
944 ## - СЪЗДАВАНЕ И РЕДАКЦИЯ на ЗАПИСА
Създаване/Редакция Редакция
Дата на регистрацията/редакция 27.09.2017
Служител, извършил регистрацията/редакцията Кети_Илиева
999 ## - СИСТЕМНИ КОНТРОЛНИ НОМЕРА
Koha biblionumber 172845
Koha biblioitemnumber 172845
Наличности
Код за отписване Код за изгубен артикул Източник на класификационната схема Код за повреда Коз за рестрикции Код за отдаване Артикулен № Име на библиотеката - собственик Име на библиотеката, в която се намира в момента Статус (Текущо местоположение) Дата на вписване в системата Местоположение - отдел Цена в лева Инвентарен номер Систематично азбучна сигнатура Баркод Номер на екземпляра Цена в евро Служебна бележка Служебен тип на артикула Бележка за публиката
  Не е изгубен Universal Decimal Classification Не е повреден без рестрикции ползва се в читалня 294791 Регионална библиотека "Любен Каравелов" Русе Регионална библиотека "Любен Каравелов" Русе Хранилище 1988-01-01 Хранилище 0.70 512190 Цб 156359 120000512190 1 0.36 N: стар фонд Дата: 01.01.1988 Книги  
Изтеглен Не е изгубен   Не е повреден без рестрикции заемане за дома 294792 Регионална библиотека "Любен Каравелов" Русе Регионална библиотека "Любен Каравелов" Русе Заемна - подръчен фонд 1988-01-01 Заемна - подръчен фонд 0.70 512492 П 886.7-1/Р 95 512492 2 0.36 N: стар фонд Дата: 01.01.1988 Дата инв: 21.03.2018 Бележки инв: П2018 Книги  
Изтеглен Не е изгубен   Не е повреден без рестрикции заемане за дома 294793 Регионална библиотека "Любен Каравелов" Русе Регионална библиотека "Любен Каравелов" Русе Заемна - подръчен фонд 1988-01-01 Заемна - подръчен фонд 0.70 514406 П 886.7-1/Р 95 514406 3 0.36 N: стар фонд Дата: 01.01.1988 Дата инв: 15.02.2018 Бележки инв: П2018 Книги  
Изтеглен Не е изгубен   Не е повреден без рестрикции заемане за дома 294794 Регионална библиотека "Любен Каравелов" Русе Регионална библиотека "Любен Каравелов" Русе   1988-01-01 Детски отдел 0.70 512493 ДХ 886.7/Р 95 512493 4 0.36 N: стар фонд Дата: 01.01.1988 Дата инв: 08.10.2015 Бележки инв: Д2015 Книги Отч.N: 41/2017 , Дата: 08.09.2017
Изтеглен Не е изгубен Universal Decimal Classification Не е повреден без рестрикции заемане за дома 294795 Регионална библиотека "Любен Каравелов" Русе Регионална библиотека "Любен Каравелов" Русе Детски отдел 1988-01-01 Детски отдел 0.70 512494 ДХ 886.7/Р 95 512494 5 0.36 N: стар фонд Дата: 01.01.1988 Дата инв: 08.10.2015 Бележки инв: Д2015 Книги  
Изтеглен Не е изгубен Universal Decimal Classification Не е повреден без рестрикции заемане за дома 294796 Регионална библиотека "Любен Каравелов" Русе Регионална библиотека "Любен Каравелов" Русе Детски отдел 1988-01-01 Детски отдел 0.70 514407 ДХ 886.7/Р 95 514407 6 0.36 N: стар фонд Дата: 01.01.1988 Дата инв: 08.10.2015 Бележки инв: Д2015 Книги  
Изтеглен Не е изгубен Universal Decimal Classification Не е повреден без рестрикции заемане за дома 294797 Регионална библиотека "Любен Каравелов" Русе Регионална библиотека "Любен Каравелов" Русе Детски отдел 1988-01-01 Детски отдел 0.70 514410 ДХ 886.7/Р 95 514410 7 0.36 N: стар фонд Дата: 01.01.1988 Дата инв: 08.10.2015 Бележки инв: Д2015 Книги  
Vip Innovations Ltd, Rousse, Bulgaria 2025